Biologie générale

Đã lưu trong:
Bibliografiske detaljer
Hovedforfatter: G Poliansky
Format: Bog
Sprog:Undetermined
Udgivet: Moskva Mir 1980
Fag:
Tags: Tilføj Tag
Ingen Tags, Vær først til at tagge denne postø!
Thư viện lưu trữ: Trung tâm Học liệu Trường Đại học Cần Thơ
LEADER 00406nam a2200169Ia 4500
001 CTU_3441
008 210402s9999 xx 000 0 und d
082 |a 574 
082 |b B615 
100 |a G Poliansky 
245 0 |a Biologie générale 
245 0 |c G Poliansky 
260 |a Moskva 
260 |b Mir 
260 |c 1980 
650 |a biology 
980 |a Trung tâm Học liệu Trường Đại học Cần Thơ